Экспериментальное исследование механических свойств некоторых хрупких материалов при всестороннем неравномерном сжатии: автореферат диссертации на соискание ученой степени кандидата технических наук; Спец. 01.02.03

Podrobná bibliografie
Hlavní autor: Головенко В. С. Виктор Савельевич
Korporativní autor: Томский политехнический институт (ТПИ)
Další autoři: Седаков Л. М. (научный руководитель)
Shrnutí:Защита сост. 1973г.
Jazyk:ruština
Vydáno: Томск, 1973
Témata:
Médium: MixedMaterials Kniha
KOHA link:https://koha.lib.tpu.ru/cgi-bin/koha/opac-detail.pl?biblionumber=163484

MARC

LEADER 00000nam0a2200000 4500
001 163484
005 20231031160812.0
035 |a (RuTPU)RU\TPU\book\177380 
090 |a 163484 
100 |a 20090818d1973 k y0rusy50 ca 
101 0 |a rus 
102 |a RU 
105 |a y dm 001zy 
200 1 |a Экспериментальное исследование механических свойств некоторых хрупких материалов при всестороннем неравномерном сжатии  |e автореферат диссертации на соискание ученой степени кандидата технических наук  |e Спец. 01.02.03  |f В. С. Головенко  |g Томский политехнический институт (ТПИ) ; науч. рук. Л. М. Седаков 
210 |a Томск  |d 1973 
215 |a 24 с. 
300 |a Защита сост. 1973г. 
320 |a Библиогр.: с. 23-24. 
610 1 |a детали машин 
610 1 |a машины 
610 1 |a чугун 
610 1 |a магнитные сплавы 
610 1 |a эксплуатация 
610 1 |a конструкционные материалы 
610 1 |a механические свойства 
610 1 |a технологические процессы 
675 |a 620.178.7(048)  |v 3 
686 |a 01.02.03.  |2 oksvnk 
700 1 |a Головенко  |b В. С.  |g Виктор Савельевич 
702 1 |a Седаков  |b Л. М.  |4 727 
712 0 2 |a Томский политехнический институт (ТПИ)  |c (1944-1991)  |2 stltpush  |3 (RuTPU)RU\TPU\col\1123 
801 1 |a RU  |b 63413507  |c 20090818 
801 2 |a RU  |b 63413507  |c 20100705  |g RCR 
942 |c BK